The Last U.S. States - Statistics

General Stats
  • This quiz has been taken 21 times
  • The average score is 8 of 10
Answer Stats
Hint Answer % Correct
August 21, 1959 Hawaii
100%
January 3, 1959 Alaska
94%
February 14, 1912 Arizona
89%
January 6, 1912 New Mexico
83%
July 3, 1890 Idaho
78%
November 8, 1889 Montana
72%
November 16, 1907 Oklahoma
67%
January 4, 1896 Utah
67%
November 11, 1889 Washington
67%
July 10, 1890 Wyoming
61%
No matching quizzes found
Score Distribution
Percent of People with Each Score
Percentile by Number Answered
Your Score History
You have not taken this quiz